000 00491nam a22001811a 4500
001 18680
003 OSt
005 20260204212417.0
008 180420s2003||||ck ||||||b||||||||||spa||
020 _a9589067662
082 _a711 IN59g
110 _aInstituto Geográfico Agustín Codazzi
245 _aGestión del suelo urbano:en el marco del ordenamiento territorial
264 _aBogotá:IGAC
300 _a91 p
650 _aOrdenamiento Territorial 2.UrbanismoÌ
942 _2ddc
_cBK
999 _c18680
_d18680